ბათუმის შოთა რუსთაველის სახელმწიფო უნივერსიტეტის ბიბლიოთეკა

მოსწავლეთა ანატომიურ-ფიზიოლოგიური თავისებურებებისა და ინდივიდუალური ჰიგიენის ზოგიერთი საკითხები : (ბიბ.ჩანაწერი № 62848)

000 -ლიდერი
ფიქსირებული სიგრძის საკონტროლო ველი 01254nam a22002057a 4500
003 - საკონტროლო ნომრის იდენტიფიკატორი
საკონტროლო ველი Ge_BSU
005 - ბოლო ოპერაციის თარიღი და დრო
საკონტროლო ველი 20250310152838.0
008 - ფიქსირებული სიგრძის მონაცემთა ელემენტები - ზოგადი ინფორმაცია
ფიქსირებული სიგრძის საკონტროლო ველი 250310s1951 ge ||||| |||| 00| 0 geo d
041 ## - ენის კოდი
Language code of text/sound track or separate title geo
080 ## - უნივერსალური ათობითი კლასიფიკაციის ინდექსი
Universal Decimal Classification number 611+612+613+37 ყ-26
100 ## - მთავარი ჩანაწერი - პიროვნების სახელი
Personal name ყანჩელი, ა.ი.
9 (RLIN) 24494
245 ## - ცნობა სათაურის შესახებ
Title მოსწავლეთა ანატომიურ-ფიზიოლოგიური თავისებურებებისა და ინდივიდუალური ჰიგიენის ზოგიერთი საკითხები :
Remainder of title მასწავლებელთა და მშობელთა დასახმარებლად /
Statement of responsibility, etc საქართველოს სსრ განათლების სამინისტროს პედაგოგიურ მეცნიერებათა ინ-ტი.
264 ## - წარმოების, გამოცემის, დისტრიბუციის და სხვა ცნობები
გამოცემის, წარმოების, დისტრიბუციის... ადგილი თბ. :
გამოცემის, წარმოების, დისტრიბუციის... სახელწოდება ინ-ტის გამ-ბა,
გამოცემის, წარმოების, დისტრიბუციის... თარიღი 1951.
300 ## - ფიზიკური აღწერა
Extent 30გვ. ;
Other physical details 21სმ.
653 ## - INDEX TERM--UNCONTROLLED
Uncontrolled term ანატომია
653 ## - INDEX TERM--UNCONTROLLED
Uncontrolled term ფიზიოლოგია
653 ## - INDEX TERM--UNCONTROLLED
Uncontrolled term მოსწავლეთა ჰიგიენა
700 ## - ADDED ENTRY--PERSONAL NAME
Personal name კოვზირიძე, ზ.ზ.
Relator term ავტორი
9 (RLIN) 22577
942 ## - ADDED ENTRY ELEMENTS (KOHA)
Source of classification or shelving scheme
Koha item type წიგნი
ეგზემპლარები
ჩამოწერის სტატუსი დაკარგული ეგზემპლარის სტატუსი კლასიფიკაციის წყარო ან თაროზე გაწყობის სქემა დაზიანების სტატუსი არ გაიცემა მუდმივი მდებარეობა (დაცვის ადგილი) ამჟამინდელი ადგილსამყოფელი თაროზე განთავსების ადგილი შეძენის თარიღი ღირებულება, შესყიდვის ნორმალური ფასი სრული შენახვის შიფრი შტრიხკოდი ბოლო ოპერაციის თარიღი ეგზემპლარის მიმდევრობითი ნომერი (კეტერი?) ფასის ძალაში შესვლის თარიღი ეგზემპლარის სახეობა საჯარო შენიშვნა
          ბათუმის შოთა რუსთაველის სახელმწიფო უნივერსიტეტის მთავარი ბიბლიოთეკა ბათუმის შოთა რუსთაველის სახელმწიფო უნივერსიტეტის მთავარი ბიბლიოთეკა წიგნსაცავი 2025-03-10 0.00 611+612+613+37 ყ-26 70801 2025-03-10 70801 2025-03-10 წიგნი 0,14 თ.